[Event "17th ch-Euro Seniors +65"]
[Site "Sabadell ESP"]
[Date "2017.08.15"]
[Round "4.3"]
[White "Hutchinson,N"]
[Black "Gaprindashvili,N1"]
[Result "0-1"]
[WhiteElo "2040"]
[BlackElo "2316"]

1.e4 c6 2.d4 g6 3.Nc3 d5 4.Bd3 dxe4 5.Bxe4 Nf6 6.Bf3 Bg7 7.Nge2 O-O 8.O-O Na6
9.Ne4 Nxe4 10.Bxe4 Nc7 11.c3 Be6 12.Re1 Qd7 13.Nf4 Bc4 14.Qf3 Bd5 15.Nd3 Ne6
16.h4 Bxe4 17.Rxe4 Qd5 18.Nb4 Qf5 19.Qe2 h5 20.Nd3 Bf6 21.Ne5 Kg7 22.Qe3 Rh8
23.Nd7 Rad8 24.Nxf6 exf6 25.Qf3 Qxf3 26.gxf3 c5 27.Be3 f5 28.Re5 cxd4 29.Rxe6 dxe3
30.Rxe3 Rd2 31.Rb1 Kf6 32.f4 Rhd8 33.Kf1 R8d6 34.Re2 R2d3 35.Kg2 Rc6 36.Re3 Rd2
37.Kf3 Re6 38.a4 Rc2 39.Rxe6+ fxe6 40.a5 a6 41.Ke3 e5 42.fxe5+ Kxe5 43.f4+ Kf6
44.Kd4 Rf2 45.Kc5 Rxf4 46.Kb6 Rxh4 47.Kxb7 Re4 48.Kxa6 h4 49.b4 h3 50.b5 g5
51.b6 g4 52.b7 Re8 53.Rh1 f4 54.Kb5 g3  0-1

[Event "17th ch-Euro Seniors +65"]
[Site "Sabadell ESP"]
[Date "2017.08.16"]
[Round "5.2"]
[White "Simon Padros,E"]
[Black "Gaprindashvili,N1"]
[Result "1/2-1/2"]
[WhiteElo "2150"]
[BlackElo "2316"]

1.e4 b6 2.d4 Bb7 3.Bd3 e6 4.Nf3 Ne7 5.O-O g6 6.Bg5 Bg7 7.c3 d6 8.a4 a6 9.a5 b5
10.Nbd2 Nd7 11.Qe2 O-O 12.c4 bxc4 13.Nxc4 f6 14.Bd2 Re8 15.Rfe1 Nf8  1/2-1/2

[Event "17th ch-Euro Seniors +65"]
[Site "Sabadell ESP"]
[Date "2017.08.17"]
[Round "6.2"]
[White "Gaprindashvili,N1"]
[Black "Lederman,L"]
[Result "1-0"]
[WhiteElo "2316"]
[BlackElo "2241"]

1.d4 d5 2.c4 c6 3.Nf3 Nf6 4.Qb3 e6 5.g3 Nbd7 6.Bg2 b6 7.O-O Ba6 8.cxd5 cxd5
9.Nc3 Be7 10.Bf4 O-O 11.Rfc1 Bc4 12.Qd1 Rc8 13.Nd2 Nh5 14.Be3 Nhf6 15.Bf3 Ba6
16.Bf4 Nb8 17.Bxb8 Rxb8 18.Qa4 Bc8 19.Qxa7 Bd7 20.Nd1 Bd6 21.Qa6 Qe7 22.Qd3 e5
23.dxe5 Qxe5 24.Nb3 Rfe8 25.Nc3 Bg4 26.Rd1 Bxf3 27.Qxf3 Bb4 28.Nd4 Rbc8 29.Ncb5 Bc5
30.Rd3 Bxd4 31.Nxd4 Rc4 32.Rad1 Rec8 33.Kg2 g6 34.Qf4 Qxf4 35.gxf4 Nd7 36.Rb3 R8c5
37.Kf3 Ra5 38.a3 Kf8 39.Rd2 Rac5 40.Nb5 Ke7 41.Nc3 Ke6 42.e3 f5 43.Rb4 h6
44.Ke2 Rxb4 45.axb4 Rc4 46.Nxd5 Rc1 47.Kf3 g5 48.Nc3 Rg1 49.Nb5 g4+ 50.Ke2 Rh1
51.Rd6+ Ke7 52.Rxh6 Rb1 53.Nd4 Rxb2+ 54.Kf1 Rxb4 55.Nc6+  1-0

[Event "17th ch-Euro Seniors +65"]
[Site "Sabadell ESP"]
[Date "2017.08.18"]
[Round "7.1"]
[White "Gaprindashvili,N1"]
[Black "Renman,N"]
[Result "0-1"]
[WhiteElo "2316"]
[BlackElo "2353"]

1.d4 d5 2.c4 c6 3.Nf3 Nf6 4.Qb3 dxc4 5.Qxc4 Bf5 6.g3 e6 7.Bg2 Nbd7 8.Nc3 Be7
9.O-O Rc8 10.Nh4 Nb6 11.Qb3 Qxd4 12.Nxf5 exf5 13.Be3 Qb4 14.Qc2 g6 15.Rfd1 O-O
16.Rd4 Qa5 17.Rad1 Bc5 18.R4d3 Bxe3 19.Rxe3 Qc5 20.Red3 Kg7 21.Qb3 Qe7 22.e3 Rfd8
23.a4 Rxd3 24.Rxd3 Rc7 25.h3 Nbd7 26.Rd4 Nc5 27.Qc2 a5 28.Ne2 Ne6 29.Rd1 Rd7
30.Rxd7 Qxd7 31.Qc3 Qd1+ 32.Bf1 Qxa4 33.Nf4 Nxf4 34.gxf4 Qb4 35.Qe5 Qb6 36.Bg2 Qd8
37.Bf3 Kg8 38.Kh2 h5 39.Bg2 Kh7 40.Bf3 Nd5 41.Qd4 Qf6 42.Qd2 Kg7 43.Kg2 a4
44.Bxd5 cxd5 45.Qb4 Qc6 46.Qd4+ Kg8 47.Kg3 b5 48.Kh4 Qd6 49.Kg3 b4 50.Qa7 a3
51.bxa3 bxa3 52.Qa8+ Kg7 53.Qa5 h4+ 54.Kf3 Kf6 55.Ke2 d4 56.exd4 Qxd4 57.Qxa3 Qxf4
58.Kf1 Qh2 59.Qf3 g5 60.Qc6+ Kg7 61.Qc3+ Kg6 62.Qc6+ Kg7 63.Qc3+ f6 64.Qf3 Kg6
65.Qb3 Qh1+ 66.Ke2 Qa8 67.Kf1 g4 68.Kg1 Qe8 69.Kf1 Kg5 70.Qd5 Qe4 71.Qg8+ Kf4
72.Qb8+ Qe5 73.Qb4+ Kg5 74.Qb3 Qe8 75.Kg2 Qc8 76.Qd5 Qe8 77.hxg4 Qe4+ 78.Qxe4 fxe4
79.Kh3 Kf4 80.Kxh4 Kf3 81.Kh5 Kxf2 82.Kg6 e3 83.Kxf6 e2 84.g5 e1=Q 85.g6 Qc3+
86.Kf7 Qf3+ 87.Kg8 Qd5+ 88.Kh8 Qh5+ 89.Kg7 Kg3 90.Kf6 Qf3+ 91.Ke7 Qe4+ 92.Kf6 Qf4+  0-1

[Event "17th ch-Euro Seniors +65"]
[Site "Sabadell ESP"]
[Date "2017.08.19"]
[Round "8.3"]
[White "Kolbak,J"]
[Black "Gaprindashvili,N1"]
[Result "1-0"]
[WhiteElo "2216"]
[BlackElo "2316"]

1.e4 c6 2.d4 g6 3.Nf3 d5 4.e5 Nh6 5.h3 Bg7 6.Nbd2 O-O 7.Nb3 f6 8.Bf4 Nf7
9.Qd2 b6 10.O-O-O Na6 11.Rg1 Nc7 12.Kb1 Ne6 13.Bh2 a5 14.Be2 fxe5 15.dxe5 Bh6
16.Qc3 c5 17.Bb5 Bb7 18.Nbd2 Nc7 19.Be2 Qc8 20.g4 a4 21.Nh4 Ne6 22.Nf5 Qe8
23.Nxh6+ Nxh6 24.Qe3 Qf7 25.Rdf1 Nf4 26.Bb5 Kg7 27.e6 Qxe6 28.Bxf4 Qxe3 29.fxe3 Nf7
30.Nf3 h6 31.Bc7 Nd6 32.Bxd6 exd6 33.Nd2 Rf6 34.Rxf6 Kxf6 35.Rf1+ Ke6 36.h4 a3
37.Bd3 Rg8 38.g5 hxg5 39.hxg5 c4 40.Be2 Ke5 41.c3 Bc8 42.bxa3 Rh8 43.Bd1 Bf5+
44.Bc2 Bxc2+ 45.Kxc2 Rh2 46.Rf6  1-0

[Event "World Senior 65+ w 2017"]
[Site "Acqui Terme ITA"]
[Date "2017.11.07"]
[Round "1.1"]
[White "Gaprindashvili,N1"]
[Black "Abolina,A"]
[Result "1-0"]
[WhiteElo "2306"]
[BlackElo "1841"]

1.d4 Nf6 2.c4 e6 3.Nc3 Bb4 4.Bd2 c5 5.d5 d6 6.f3 O-O 7.e4 e5 8.Nge2 h6 9.Ng3 Bd7
10.Bd3 a6 11.a4 a5 12.O-O Na6 13.h3 Nc7 14.f4 Nh7 15.fxe5 dxe5 16.Nf5 Bxf5
17.Rxf5 Qd6 18.Qg4 Ra6 19.Qg3 Re8 20.Raf1 Re7 21.Be2 Qg6 22.Qh4 Qd6 23.R5f3 Qd7
24.Rg3 Rg6 25.Rxf7 Kxf7 26.Rxg6 Bxc3 27.Bxc3 Nf6 28.Rg3 Kg8 29.Qxf6  1-0

[Event "World Senior 65+ w 2017"]
[Site "Acqui Terme ITA"]
[Date "2017.11.08"]
[Round "2.1"]
[White "Sorokina,T"]
[Black "Gaprindashvili,N1"]
[Result "0-1"]
[WhiteElo "2055"]
[BlackElo "2306"]

1.Nf3 g6 2.d4 Bg7 3.e3 d6 4.Bd3 Nd7 5.O-O Ngf6 6.e4 e5 7.c3 O-O 8.Nbd2 Nh5
9.dxe5 dxe5 10.Nc4 Qe7 11.Ne3 c6 12.b4 Rd8 13.Qc2 Nf4 14.Bc4 Nf8 15.a4 Qf6
16.Ne1 h5 17.f3 Nh7 18.Kh1 Ng5 19.g3 Nfe6 20.N3g2 Nh7 21.Be3 b6 22.Rd1 Rxd1
23.Qxd1 Nhf8 24.a5 b5 25.Be2 Bb7 26.Qb3 a6 27.Nd3 Rd8 28.Rd1 Nd7 29.c4 Qe7
30.cxb5 cxb5 31.Rc1 Bf8 32.Rc7 Nxc7  0-1

[Event "World Senior 65+ w 2017"]
[Site "Acqui Terme ITA"]
[Date "2017.11.12"]
[Round "5.2"]
[White "Gaprindashvili,N1"]
[Black "Titorenko,N"]
[Result "1-0"]
[WhiteElo "2306"]
[BlackElo "2146"]

1.d4 d5 2.c4 e6 3.Nf3 c5 4.cxd5 exd5 5.Nc3 Nc6 6.g3 Nf6 7.Bg2 Be7 8.O-O O-O
9.Bg5 c4 10.Ne5 Be6 11.Be3 Qa5 12.h3 Rad8 13.Qc2 Ne8 14.Rfd1 f6 15.Nxc4 dxc4
16.d5 Nb4 17.Qe4 Bf7 18.Qxe7 Nd6 19.Bf4 Rfe8 20.Bxd6 Rxe7 21.Bxe7 Rd7 22.Bxb4 Qxb4
23.Rd2 Bg6 24.a4 Qf8 25.e4 Be8 26.Kh2 g5 27.Rf1 Rf7 28.Ra1 h5 29.Bf3 Rh7
30.Be2 h4 31.Bg4 Qd6 32.Bf5 Re7 33.Re1 Bd7 34.Bg6 a6 35.Ree2 Qc5 36.d6 Re5
37.Bf5 Qc8  1-0

[Event "European ACP w Rapid 2018"]
[Site "Tbilisi GEO"]
[Date "2018.03.30"]
[Round "3.10"]
[White "Cramling,P"]
[Black "Gaprindashvili,N1"]
[Result "1-0"]
[WhiteElo "2476"]
[BlackElo "2305"]

1.d4 c5 2.d5 e5 3.e4 d6 4.Nc3 g6 5.f4 f6 6.Nf3 Na6 7.Bb5+ Bd7 8.O-O Nc7 9.Bxd7+ Qxd7
10.a4 exf4 11.Bxf4 Nh6 12.Nd2 Nf7 13.Nc4 Be7 14.Qd2 O-O 15.Rf2 Ne5 16.Qe2 Nxc4
17.Qxc4 Rf7 18.Raf1 Bf8 19.Bg5 Ne8 20.Be3 Re7 21.Bd2 Bg7 22.Ne2 Nc7 23.Bc3 Qg4
24.Ng3 Ne8 25.Rf4 Qd7 26.h3 Rf7 27.R4f3 a6 28.a5 Qb5 29.b3 Qxc4 30.bxc4 Rd8
31.e5 dxe5 32.Bxe5 Re7 33.Bc3 Rdd7 34.Rb1 Kf7 35.Nf1 Nd6 36.Nd2 Ne4 37.Nxe4 Rxe4
38.Bxf6 Bxf6 39.Rb6 Rxc4 40.Rfxf6+ Kg7 41.Rfd6 Rf7 42.Rb2 Rd4 43.c3 Rd1+
44.Kh2 h5 45.Rbb6 Kf8 46.c4 h4 47.Rxg6 Rd4 48.Rg4 Rff4 49.Rxf4+ Rxf4 50.Rxb7 Rxc4
51.Rb6 Rd4 52.d6 Ke8 53.Rxa6 Kd7 54.Ra8 Rxd6 55.a6 Kc7 56.Rh8 Kb6 57.Rxh4 Kxa6
58.Rf4 Kb5 59.h4 c4 60.Kh3 c3 61.Rf1 Kc4 62.h5 c2 63.Rc1 Kd3 64.g4 Kd2 65.Rxc2+ Kxc2
66.g5 Kd3 67.h6 Ke4 68.h7 Rd1 69.Kg2 Rd8 70.g6 Rh8 71.g7 Rxh7 72.g8=Q Re7
73.Qg6+ Kd5 74.Kf3 Re5 75.Qd3+ Ke6 76.Kf4 Rd5 77.Qg6+ Ke7 78.Ke4 Rd6 79.Qh7+ Ke6
80.Qf5+ Ke7 81.Ke5 Rc6 82.Qh7+ Ke8 83.Kd5 Rf6 84.Qg8+ Ke7 85.Ke5 Rc6 86.Qg7+ Ke8
87.Qb7 Rg6 88.Qc7 Rh6 89.Kf5 Kf8 90.Qd7 Kg8 91.Kg5 Rh7 92.Qe6+ Kg7 93.Qe8 Rh8
94.Qe7+ Kg8 95.Kg6  1-0

[Event "European ACP w Blitz 2018"]
[Site "Tbilisi GEO"]
[Date "2018.04.01"]
[Round "1.6"]
[White "Gaprindashvili,N1"]
[Black "Ushenina,A"]
[Result "0-1"]
[WhiteElo "2305"]
[BlackElo "2423"]

1.d4 d5 2.c4 e6 3.Nf3 a6 4.e3 Nf6 5.b3 b6 6.Bb2 Bb7 7.Nbd2 Bd6 8.Bd3 Nbd7
9.O-O O-O 10.Rc1 Qe7 11.Bb1 Ne4 12.Nxe4 dxe4 13.Nd2 f5 14.f4 Nf6 15.Qe1 Rad8
16.Qh4 Ng4 17.Qxe7 Bxe7 18.Rfe1 c5 19.Nf1 Rd7 20.Rcd1 Rfd8 21.Bc2 Bf6 22.h3 Nh6
23.a3 cxd4 24.exd4 Bxd4+ 25.Bxd4 Rxd4 26.Ne3 Nf7 27.b4 Rxd1 28.Rxd1 Rxd1+
29.Nxd1 Kf8 30.Ne3 g5 31.g3 Ke7 32.Bb3 Kf6 33.Kf2 e5 34.fxg5+ Nxg5 35.h4 Nf3
36.c5 bxc5 37.bxc5 Nd4 38.Bd5 Bc8 39.Nc4 Bd7 40.Nb6 Bc6 41.Bc4 a5 42.Nd5+ Bxd5
43.Bxd5 h6 44.Ke3 Nc2+ 45.Kd2 Nxa3 46.Kc3 Ke7 47.Kb3 Nb5 48.Ka4 Nc3+ 49.Kxa5 Nxd5
50.Kb5 Ke6 51.Kc4 e3 52.Kd3 f4 53.g4 f3 54.c6 e2 55.Kd2 Kd6 56.g5 hxg5 57.hxg5 Kxc6  0-1

[Event "European ACP w Blitz 2018"]
[Site "Tbilisi GEO"]
[Date "2018.04.01"]
[Round "5.10"]
[White "Gaprindashvili,N1"]
[Black "Bodnaruk,A"]
[Result "0-1"]
[WhiteElo "2305"]
[BlackElo "2456"]

1.d4 Nf6 2.c4 g6 3.Nc3 Bg7 4.e4 d6 5.Be2 O-O 6.Bg5 c5 7.d5 h6 8.Be3 e6 9.Qd2 exd5
10.exd5 Kh7 11.h3 Re8 12.Nf3 a6 13.O-O Nbd7 14.a4 b6 15.Bd3 Rb8 16.Rfe1 Ne5
17.Nxe5 dxe5 18.a5 Bf8 19.axb6 Qxb6 20.Na4 Qc7 21.f4 e4 22.Be2 Bd6 23.Rf1 Rb3
24.Ra3 Rb4 25.Rc1 Bd7 26.Nc3 Reb8 27.Rb1 Qb7 28.b3 Qc8 29.Qc2 R4b6 30.Bf1 Bf5
31.Qf2 Qc7 32.Na4 Rb4 33.Nxc5 Bxc5 34.Bxc5 e3 35.Bxe3 Bxb1 36.Be2 Rxb3 37.Rxa6 Ne4
38.Qf3 Qe7 39.Ra7 Qxa7 40.Bxa7 Rxf3 41.Bxf3 Ra8 42.Bb6 Rc8 43.Be2 Nc5 44.d6 Bf5
45.Bg4 Nd7 46.Bc7 Bxg4 47.hxg4 Kg7 48.Kf2 Kf6 49.Ke3 Ke6 50.Kd4 Nb8 51.c5 Nc6+
52.Kc4 Ra8 53.Kb5 Kd7 54.Kb6 Ra4 55.g3 f5 56.gxf5 gxf5 57.Kb5 Rb4+ 58.Ka6 Rb3
59.Bb6 Rxg3 60.Kb5 h5 61.Kc4 h4 62.Kd5 h3  0-1

[Event "World Senior 65+ w 2018"]
[Site "Bled SLO"]
[Date "2018.11.18"]
[Round "1.1"]
[White "Bujinlkham,Purevdorj"]
[Black "Gaprindashvili,N1"]
[Result "0-1"]
[WhiteElo "1848"]
[BlackElo "2301"]

1.e4 c6 2.d4 d5 3.Nd2 g6 4.Ngf3 Bg4 5.c3 Bg7 6.h3 Bxf3 7.Qxf3 e6 8.Bd3 Ne7
9.O-O O-O 10.Qg3 Nd7 11.f4 dxe4 12.Bxe4 Nf6 13.Bc2 Nf5 14.Qf2 Qc7 15.Nf3 Rad8
16.Ne5 Nd6 17.Qf3 Nd5 18.b3 c5 19.c4 Nb4 20.dxc5 Nxc2 21.cxd6 Qb6+ 22.Qf2 Qxf2+
23.Rxf2 Nxa1 24.c5 Rc8 25.b4 a5 26.Kh2 axb4 27.Bb2 Rfd8 28.Bxa1 Rxc5 29.Nd3 Rd5
30.Bxg7 Kxg7 31.Nxb4 R5xd6 32.a3 Rd2 33.Rf3 Rb2 34.h4 Rdd2 35.Rg3 h5 36.Kh3 Rb1
37.Kh2 Ra1 38.Rf3 Rd8 39.Rb3 Rf1 40.Kg3 Rd2 41.Nd3 Ra1 42.Ne5 b5 43.Rxb5 Rxa3+
44.Kh2 Rf2 45.Rb4 Raa2 46.Kh3 Rae2 47.Ra4 Re3+ 48.Kh2 Kf6 49.Kg1 Ree2 50.g3 Rg2+
51.Kf1 Ref2+ 52.Ke1 Rb2 53.Kf1 Rgf2+ 54.Kg1 Rfc2 55.Ra1 Rb7 56.Kf1 Kf5 57.Nd3 Kg4
58.Ra3 Rb1+ 59.Ne1 Rcc1  0-1

[Event "World Senior 65+ w 2018"]
[Site "Bled SLO"]
[Date "2018.11.19"]
[Round "2.1"]
[White "Gaprindashvili,N1"]
[Black "Tsifanskaya,L"]
[Result "1/2-1/2"]
[WhiteElo "2301"]
[BlackElo "1996"]

1.d4 Nf6 2.c4 e6 3.Nc3 Bb4 4.g3 O-O 5.Bg2 d6 6.Nf3 Bxc3+ 7.bxc3 Nbd7 8.O-O Re8
9.Nd2 e5 10.e3 Rb8 11.Qc2 Qe7 12.e4 b6 13.Ba3 c5 14.d5 Nf8 15.Rae1 Nh5 16.Bc1 g6
17.Qd1 Qd8 18.f4 exf4 19.gxf4 Nd7 20.Qf3 f6 21.Qf2 Ng7 22.Qh4 Ba6 23.Qg3 Kh8
24.Bf3 Qc7 25.Bg4 f5 26.exf5 gxf5 27.Bf3 Nf6 28.Kh1 Qf7 29.Qh4  1/2-1/2

[Event "World Senior 65+ w 2018"]
[Site "Bled SLO"]
[Date "2018.11.20"]
[Round "3.3"]
[White "Khmiadashvili,T"]
[Black "Gaprindashvili,N1"]
[Result "1/2-1/2"]
[WhiteElo "2010"]
[BlackElo "2301"]

1.e4 c6 2.Nf3 g6 3.c3 d5 4.exd5 cxd5 5.d4 Nc6 6.Bf4 Bg7 7.Nbd2 Nf6 8.h3 O-O
9.Ne5 Qb6 10.Qb3 Qxb3 11.axb3 Nd7 12.Nxc6 bxc6 13.Be3 Re8 14.f4 f6 15.Kf2 a6
16.b4 e5  1/2-1/2

[Event "World Senior 65+ w 2018"]
[Site "Bled SLO"]
[Date "2018.11.21"]
[Round "4.2"]
[White "Gaprindashvili,N1"]
[Black "Fatalibekova,E"]
[Result "1/2-1/2"]
[WhiteElo "2301"]
[BlackElo "2161"]

1.d4 Nf6 2.c4 e6 3.Nc3 Bb4 4.g3 O-O 5.Bg2 Bxc3+ 6.bxc3 d6 7.Nf3 Nc6 8.Ba3 Re8
9.c5 d5 10.O-O b6 11.c4 Bb7 12.cxd5 exd5 13.Rc1 Ne4 14.Rc2 f6 15.Qc1 Na5
16.Ne1 c6 17.Nd3 Nc4 18.Bb4 a5 19.Be1 b5 20.f3 Ng5 21.Bf2 Bc8 22.g4 Ra7 23.Re1 Rae7
24.e3 Ne6 25.Qa1 Rd7 26.Rce2 Nc7 27.Nb2  1/2-1/2

[Event "World Senior 65+ w 2018"]
[Site "Bled SLO"]
[Date "2018.11.22"]
[Round "5.3"]
[White "Dotan,V"]
[Black "Gaprindashvili,N1"]
[Result "1/2-1/2"]
[WhiteElo "1883"]
[BlackElo "2301"]

1.Nf3 d6 2.d4 g6 3.e4 Bg7 4.Bd3 e6 5.Nc3 Ne7 6.Be3 Nd7 7.Qd2 h6 8.h4 a6 9.g4 b5
10.Ne2 Bb7 11.Ng3 c5 12.c3 Qc7 13.g5 h5 14.Be2 c4 15.Nh2 Nb6 16.Bd1 Bc6 17.f3 O-O-O
18.Qf2 Kb7 19.Bc2 Rhf8 20.Nhf1 f6 21.Nd2 fxg5 22.Bxg5 Bf6 23.Qe3 e5 24.d5 Bd7
25.O-O-O Bxg5 26.Qxg5 Rf7 27.Qe3 Rdf8 28.Rdg1 Be8 29.Ne2 Nd7 30.Kb1 Qc5 31.Qxc5 Nxc5
32.b3 cxb3 33.axb3 a5 34.Kb2 Kb6 35.b4 axb4 36.cxb4 Na6 37.Kb3 Bd7 38.Bd3 Rf6
39.Rg3 Rc8 40.Rgg1 Rcf8 41.Rg3 Be8 42.Rc1 Bf7 43.Nc3 Rc8 44.Rgg1 Be8 45.Ne2 Nc7
46.Rc2 Ra8 47.Ra2 Rxa2 48.Kxa2 Na6 49.Kb3 Bf7 50.Ka3 Be8 51.Kb3 Rf8 52.Ka3 Bd7
53.Kb3 Nc7 54.Kb2 Rf6 55.Kb3 Be8 56.Kb2 Rf8 57.Nc3 Na6 58.Ka3 Nc7 59.Kb3 Bf7
60.Kb2 Bg8 61.Ra1 Rf4 62.Rh1 Bf7 63.Ne2 Rf6 64.Rg1 Be8 65.Kb3  1/2-1/2

[Event "World Senior 65+ w 2018"]
[Site "Bled SLO"]
[Date "2018.11.23"]
[Round "6.3"]
[White "Gaprindashvili,N1"]
[Black "Titorenko,N"]
[Result "1-0"]
[WhiteElo "2301"]
[BlackElo "2158"]

1.d4 Nf6 2.c4 g6 3.Nc3 d5 4.cxd5 Nxd5 5.e4 Nxc3 6.bxc3 Bg7 7.Be3 O-O 8.Rc1 c5
9.Nf3 Qa5 10.Qd2 Rd8 11.d5 Nd7 12.Be2 Nf6 13.c4 Qa4 14.Bd3 b6 15.h3 Nd7 16.Bf4 f6
17.O-O Nf8 18.e5 Bb7 19.exf6 exf6 20.Rfe1 Re8 21.Qc2 Qd7 22.a4 Rxe1+ 23.Rxe1 Re8
24.Rb1 Qd8 25.a5 Nd7 26.axb6 axb6 27.Qa4 Bf8 28.Qb5 Qc8 29.Ra1 Be7 30.Nd2 f5
31.Nf3 Bd8 32.Ra7 Bf6 33.Bc2 Re7 34.Bd6 Rg7 35.h4 Bd8 36.Bf4 Bc7 37.Bxc7 Qxc7
38.g3 h6 39.Qa4 Re7 40.Bd3 Ne5 41.Nxe5 Qxe5 42.Bf1 f4 43.Qb3 Rf7 44.Qxb6 fxg3
45.Qxg6+ Rg7 46.Qe6+ Qxe6 47.dxe6 g2 48.Be2 Kf8 49.Bh5 Re7 50.Bg4 Be4 51.Ra6 Rb7
52.f3 Rg7 53.Ra5 Ke7 54.Ra7+ Kf6 55.Rxg7  1-0

[Event "World Senior 65+ w 2018"]
[Site "Bled SLO"]
[Date "2018.11.25"]
[Round "7.1"]
[White "Gaprindashvili,N1"]
[Black "Kozlovskaya,V"]
[Result "1-0"]
[WhiteElo "2301"]
[BlackElo "2154"]

1.d4 c5 2.d5 e5 3.c4 d6 4.e4 g6 5.Nc3 Bg7 6.Be2 Nf6 7.h4 h5 8.Nh3 a6 9.a4 a5
10.Ng5 Na6 11.f3 Nc7 12.Be3 b6 13.Qd2 Bd7 14.O-O-O Qe7 15.Nh3 Ng8 16.Nf2 O-O-O
17.g3 Bh6 18.f4 f6 19.g4 exf4 20.Bxf4 g5 21.Be3 gxh4 22.Rxh4 Bg5 23.Rxh5 Rxh5
24.gxh5 Nh6 25.Rg1 Rg8 26.Nd3 Ne8 27.Bxg5 Rxg5 28.Rf1 Qg7 29.Kc2 Nf7 30.Nf4 Ne5
31.Kb3 Rg3 32.Qe1 Rg5 33.Qh4 Qh6 34.Ne6 Bxe6 35.dxe6 Nc6 36.Bg4 Kb8 37.Rf4 Ka7
38.Qf2 Rg7 39.Nd5 Qg5 40.Ka2 Nb4+ 41.Nxb4 axb4 42.Be2 Qe5 43.Bg4 Qg5 44.Qd2 Re7
45.Qh2 Qh6 46.Bf5 Rg7 47.Rf1 Rg5 48.Rh1 Rg8 49.Bg6 Qf8 50.Bxe8 Qxe8 51.Qxd6 Qxa4+
52.Kb1 b3 53.Qd7+ Qxd7 54.exd7 Kb7 55.Rd1  1-0

[Event "World Senior 65+ w 2018"]
[Site "Bled SLO"]
[Date "2018.11.26"]
[Round "8.2"]
[White "Sorokina,T"]
[Black "Gaprindashvili,N1"]
[Result "1/2-1/2"]
[WhiteElo "2058"]
[BlackElo "2301"]

1.d4 c5 2.e3 e6 3.Nf3 Nf6 4.Bd3 b6 5.Nbd2 Bb7 6.c3 d5 7.O-O Bd6 8.b3 Nbd7
9.Bb2 O-O 10.c4 Ne4 11.Qe2 Nxd2 12.Nxd2 cxd4 13.exd4 Qf6 14.cxd5 Qh6 15.Nf3 Bxd5
16.Be4 Nf6 17.Bxd5 Nxd5 18.g3 Qh5 19.Rfe1 Rac8 20.Rac1 Bb4 21.Red1 Rfd8 22.Qd3 Be7
23.a3 Bf6 24.Qe4 Qg6 25.Qxg6 hxg6 26.Rxc8 Rxc8 27.Rc1 Rxc1+ 28.Bxc1 a5 29.a4 Be7
30.Bb2 f6 31.Kf1 Kf7 32.Ke2 Ke8 33.Kd3 Kd7 34.Kc4 Kc6 35.Ne1 g5 36.Nc2 Bd6
37.Ne3  1/2-1/2

[Event "World Senior 65+ w 2018"]
[Site "Bled SLO"]
[Date "2018.11.28"]
[Round "10.6"]
[White "Florea,Do"]
[Black "Gaprindashvili,N1"]
[Result "0-1"]
[WhiteElo "1721"]
[BlackElo "2301"]

1.e4 b6 2.d4 Bb7 3.Nc3 e6 4.Nf3 Bb4 5.Bd3 Nf6 6.Qe2 d5 7.e5 Ne4 8.Bd2 Nxd2
9.Qxd2 O-O 10.a3 Be7 11.O-O c5 12.Rfe1 Ba6 13.Bxa6 Nxa6 14.Qe2 Nb8 15.Rad1 Nc6
16.dxc5 bxc5 17.Ne4 Qb6 18.Ng3 Qxb2 19.Qa6 Qb6 20.Qa4 c4 21.Rb1 Qc7 22.Nf1 Rab8
23.N1d2 Rxb1 24.Nxb1 Rb8 25.Nc3 Rb6 26.Nb5 Qb7 27.Nbd4 Ra6 28.Qb5 Qxb5 29.Nxb5 Rb6
30.a4 Bc5 31.c3 Kf8 32.Kf1 h6 33.Nfd4 Bxd4 34.Nxd4 Nxd4 35.cxd4 Rb2 36.Rc1 Ke7
37.h3 Kd7 38.Ke1 Rb3 39.Ra1 Kc6 40.Ra2 Rd3 41.Rd2 Rxd2 42.Kxd2 Kb6 43.f4 Ka5
44.g4 Kxa4 45.h4 Kb3 46.h5 Kb2 47.f5 c3+ 48.Kd3 c2 49.g5 c1=Q  0-1

[Event "World Senior 65+ w 2018"]
[Site "Bled SLO"]
[Date "2018.11.29"]
[Round "11.1"]
[White "Gaprindashvili,N1"]
[Black "Norman,D"]
[Result "1-0"]
[WhiteElo "2301"]
[BlackElo "1659"]

1.d4 d5 2.c4 e6 3.Nf3 Nf6 4.Nc3 c6 5.e3 Nbd7 6.b3 Be7 7.Bd3 b6 8.O-O Bb7
9.Bb2 O-O 10.Qe2 c5 11.cxd5 exd5 12.Ba6 Bxa6 13.Qxa6 Qc8 14.Qxc8 Raxc8 15.Rfd1 c4
16.bxc4 Rxc4 17.Ne5 Rc7 18.Rac1 Rb7 19.Nb5 a6 20.Nc6 axb5 21.Nxe7+ Kh8 22.Nc8 b4
23.a3 Rb8 24.Nd6 bxa3 25.Bxa3 Kg8 26.Rc7 g6 27.f3 Ra8 28.Rd3 Ra4 29.e4 dxe4
30.fxe4 Rfa8 31.Rcc3 Ne8 32.e5 Nf8 33.Nb5 R4a5 34.Rb3 Nd7 35.Rdc3 Ra4 36.Kf2 Kg7
37.Ke3 Kg8 38.g4 h6 39.h4 Kg7 40.Rc6 R4a5 41.Bb2 Kg8 42.Rb4 Ra2 43.h5 gxh5
44.gxh5 Kh7 45.Nc3 R2a5 46.Ke4 Ng7 47.Rd6 Nf8 48.Rbxb6 Nfe6 49.Rdc6 Nxh5
50.d5 Ng5+ 51.Ke3 Ng7 52.Rxh6+ Kg8 53.Kf4 Nh7 54.Rhc6 Nf8 55.Rb7 Ng6+ 56.Ke4 Nf8
57.Rcc7 Nh7 58.Bc1 Rf8 59.Bh6 Ra1 60.Kd3 Rh1 61.Bxg7 Kxg7 62.e6 Ng5 63.e7 Re8
64.d6 Rh3+ 65.Kc4 Ne6 66.Nd5 Rh4+ 67.Kc3 Rh3+ 68.Kc4 Rh4+ 69.Kb3 Rh3+ 70.Kb4 Nxc7
71.Nxc7 Rh4+ 72.Kc5 Rh5+ 73.Kc6 Reh8 74.e8=Q  1-0

[Event "ch-Euro Seniors +65 Women"]
[Site "Rhodes GRE"]
[Date "2019.04.08"]
[Round "3.2"]
[White "Gaprindashvili,N1"]
[Black "Sinchurina,T"]
[Result "0-1"]
[WhiteElo "2294"]
[BlackElo "1967"]

1.d4 d5 2.c4 e6 3.Nc3 c5 4.cxd5 cxd4 5.Qxd4 Nc6 6.Qd1 exd5 7.Qxd5 Bd7 8.Bg5 Nf6
9.Qd2 h6 10.Bh4 g5 11.Bg3 Qa5 12.Bd6 O-O-O 13.Bxf8 Rhxf8 14.f3 Bf5 15.Qc1 Kb8
16.e4 Rfe8 17.Ne2 Bxe4 18.fxe4 Nxe4 19.Qe3 Nc5 20.Qg3+ Ka8 21.Rd1 Rxd1+ 22.Kxd1 Rd8+
23.Kc2 Ne4 24.Qe3 Nb4+ 25.Kc1 Nxa2+ 26.Kc2 Nb4+ 27.Kc1 Qa1+ 28.Nb1 Nd3+ 29.Qxd3 Rxd3
30.Nc3 Nxc3 31.Bxd3 Na2+ 32.Kd2 Qxb2+ 33.Ke3  0-1

[Event "ch-Euro Seniors +65 Women"]
[Site "Rhodes GRE"]
[Date "2019.04.09"]
[Round "4.5"]
[White "Fatalibekova,E"]
[Black "Gaprindashvili,N1"]
[Result "1-0"]
[WhiteElo "2148"]
[BlackElo "2294"]

1.e4 b6 2.d4 Bb7 3.Bd3 g6 4.Nf3 Bg7 5.c4 c5 6.d5 e5 7.Nc3 d6 8.O-O Nh6 9.Ng5 Bc8
10.h3 O-O 11.f4 Nd7 12.f5 Kh8 13.Qe1 Nf6 14.g4 Nfg8 15.Be3 a6 16.a4 Bd7 17.Qg3 Qe7
18.Rf2 b5 19.cxb5 axb5 20.Bxb5 Bxb5 21.Nxb5 gxf5 22.gxf5 Rfb8 23.Rff1 Nf6
24.Qf3 Nhg8 25.Nxd6 Nh6 26.Nb5 c4 27.Qf2 Nd7 28.d6 Qf8 29.Nc7 Ra5 30.Qd2  1-0

[Event "ch-Euro Seniors +65 Women"]
[Site "Rhodes GRE"]
[Date "2019.04.10"]
[Round "5.1"]
[White "Gaprindashvili,N1"]
[Black "Podlovna,Stella"]
[Result "1-0"]
[WhiteElo "2294"]
[BlackElo "1599"]

1.d4 c6 2.c4 d5 3.Nf3 Bf5 4.Qb3 b6 5.cxd5 cxd5 6.Nc3 Nf6 7.Bg5 Nbd7 8.e3 h6
9.Bxf6 Nxf6 10.Bb5+ Bd7 11.Nxd5 Nxd5 12.Qxd5 Bxb5 13.Qxb5+ Qd7 14.Qxd7+ Kxd7
15.Ne5+ Ke6 16.Rc1 Rd8 17.Rc7 a5 18.Ke2 f6 19.Nc4 Rb8 20.Rc1 g5 21.e4 Bg7
22.d5+ Kf7 23.Nd6+ Kg6 24.Nf5 Bf8 25.R1c6 Rh7 26.Kd3 b5 27.b3 a4 28.b4 g4
29.Re6 Rf7 30.Kd4 h5 31.Kc5 Kg5 32.Kc6 h4 33.d6 g3 34.hxg3 hxg3 35.Nxg3 Kg6
36.d7 Bh6 37.Nf5 Bf4 38.Rc8 Rf8 39.Rxf8 Rxf8 40.Rxe7  1-0

[Event "ch-Euro Seniors +65 Women"]
[Site "Rhodes GRE"]
[Date "2019.04.11"]
[Round "6.5"]
[White "Gaprindashvili,N1"]
[Black "Burchardt,B"]
[Result "1-0"]
[WhiteElo "2294"]
[BlackElo "2136"]

1.d4 d5 2.c4 c6 3.Nf3 Nf6 4.Qb3 dxc4 5.Qxc4 Bf5 6.g3 e6 7.Bg2 Nbd7 8.O-O Be7
9.e3 O-O 10.Nc3 Rc8 11.Qe2 Bg6 12.e4 c5 13.e5 Nd5 14.Nxd5 exd5 15.Bf4 Be4
16.Rfd1 Qb6 17.Bh3 Rcd8 18.dxc5 Nxc5 19.Nd4 Rfe8 20.Be3 Qg6 21.f3 Bd3 22.Qd2 Ba6
23.b4 Nd3 24.Bf5 Bxb4 25.Qc2 Qxf5 26.Nxf5 Rxe5 27.Bd4 Rxf5 28.Rxd3  1-0

[Event "ch-Euro Seniors +65 Women"]
[Site "Rhodes GRE"]
[Date "2019.04.12"]
[Round "7.2"]
[White "Khmiadashvili,T"]
[Black "Gaprindashvili,N1"]
[Result "1/2-1/2"]
[WhiteElo "1976"]
[BlackElo "2294"]

1.f4 d5 2.Nf3 Nf6 3.e3 g6 4.d4 Bg7 5.Nc3 O-O 6.Be2 c5 7.Ne5 Nc6 8.Nxc6 bxc6
9.O-O Qa5 10.dxc5 Qxc5 11.Na4 Qd6 12.c4 Be6 13.c5 Qc7 14.Bd3 Bf5 15.Bxf5 gxf5
16.Bd2 Ne4 17.Be1 Qd7 18.Bc3 f6 19.Qh5 Rf7 20.b4 Rb8 21.Be1 d4 22.Rd1 d3
23.Nb2 d2 24.Bxd2 Nxd2 25.Qe2 Rxb4 26.Rxd2 Qe6 27.Rd8+ Bf8 28.Nd3 Ra4 29.Rf2 Re4
30.Rf3 Rg7 31.Kf2 Qf7 32.Rg3 Ra4 33.Nc1 Rc4 34.Nb3 e5 35.Rxg7+ Kxg7 36.Qd3 e4
37.Qd2 Kg6 38.Rd7 Qe6 39.Rxa7 Qd5 40.Qxd5 cxd5 41.c6 Rc2+ 42.Kf1 Rxc6 43.Ra5 Rc3
44.Ke2 Rc2+ 45.Kf1 Bg7  1/2-1/2

[Event "ch-Euro Seniors +65 Women"]
[Site "Rhodes GRE"]
[Date "2019.04.13"]
[Round "8.4"]
[White "Gaprindashvili,N1"]
[Black "Kabanova,I"]
[Result "1/2-1/2"]
[WhiteElo "2294"]
[BlackElo "1816"]

1.d4 Nf6 2.c4 e6 3.Nc3 Bb4 4.g3 c5 5.Nf3 Nc6 6.Bg2 d5 7.a3 Bxc3+ 8.bxc3 O-O
9.cxd5 exd5 10.O-O Be6 11.Bf4 Qe7 12.a4 b6 13.Qc1 Ne4 14.Qa3 f6 15.Rfd1 g5
16.Bc1 Na5 17.Nd2 Nxd2 18.Bxd2 Nc4 19.Qa2 Rac8 20.Bc1 Qd7 21.dxc5 bxc5 22.Qc2 Qf7
23.f4 gxf4 24.Bxf4 Rfd8 25.e3 d4 26.exd4 cxd4 27.Rxd4 Rxd4 28.cxd4 Ne3 29.Qxc8+ Bxc8
30.Bxe3 Bb7  1/2-1/2